00827nam a2200253 a 450000100060000000300080000600500170001400800410003102000150007202000180008703500190010504000230012404100080014708200280015510000300018324501390021326000510035230000350040350400510043865000220048965000160051170000260052770000200055353384BD-RjUL20211209075943.0161005s2001 enka b i001 0 eng  a0521662427 a9780521662420 a(BD-RjUL)53504 aDLCcDLCdDLCbeng aeng00a363.73874223bONP 20011 aO'Neill, Brian C.,d1965-10aPopulation and climate change /cBrian C. O'Neill, F. Landis MacKellar, Wolfgang Lutz ; with contributions by Lee Wexler ... [et al.]. aNew York :bCambridge University Press,c2001. axvii, 266 p. :bill. ;c26 cm. aIncludes bibliographical references and index. 0aClimatic changes. 0aPopulation.1 aMacKellar, F. Landis.1 aLutz, Wolfgang.